Organisational Behaviour (Record no. 4531)

MARC details
000 -LEADER
fixed length control field 00331nam a22001457a 4500
005 - DATE AND TIME OF LATEST TRANSACTION
control field 20160628154050.0
008 - FIXED-LENGTH DATA ELEMENTS--GENERAL INFORMATION
fixed length control field 160628b xxu||||| |||| 00| 0 eng d
041 ## - LANGUAGE CODE
Language code of text/sound track or separate title eng
082 ## - DEWEY DECIMAL CLASSIFICATION NUMBER
Item number 10945
100 ## - MAIN ENTRY--AUTHOR NAME
Personal name Sapre, Late Prof, R.
245 ## - TITLE STATEMENT
Title Organisational Behaviour
260 ## - PUBLICATION, DISTRIBUTION, ETC. (IMPRINT)
Name of publisher Symbions
Year of publication 2004
300 ## - PHYSICAL DESCRIPTION
Number of Pages 211
942 ## - ADDED ENTRY ELEMENTS (KOHA)
Koha item type Books

No items available.